[Event "POL-chT 2nd League"]
[Site "Jastrzebia Gora"]
[Date "2022.09.10"]
[Round "8.40"]
[White "Piotrowski, Przemyslaw"]
[Black "Krainski, Slawomir"]
[Result "1-0"]
[WhiteElo "2219"]
[BlackElo "1982"]
[PlyCount "77"]
[EventDate "2022.09.03"]
[EventType "team-swiss"]
[EventRounds "9"]
[EventCountry "POL"]
[SourceTitle "CBM 210 Extra"]
[Source "ChessBase"]
[SourceDate "2022.11.30"]
[SourceVersion "1"]
[SourceVersionDate "2022.11.30"]
[SourceQuality "1"]
[WhiteTeam "Wisznia Mala Bialy Krol"]
[BlackTeam "Grudziadz Rotmistrz"]
[WhiteTeamCountry "POL"]
[BlackTeamCountry "POL"]

1. d4 d5 2. Nf3 Nf6 3. g3 e6 4. Bg2 Be7 5. 0-0 0-0 6. c4 c6 7. Nc3 b6 8. b3 Nbd7 9. Bb2 Ba6 10. Nd2 b5 11. Re1 Rc8 12. Rc1 b4 13. Na4 dxc4 14. bxc4 c5 15. Nb3 cxd4 16. Nxd4 Nc5 17. Nc6 Qe8 18. Nxe7+ Qxe7 19. Nxc5 Qxc5 20. Bd4 Qc7 21. Bxf6 gxf6 22. Qd4 Qe5 23. Qxe5 fxe5 24. c5 Rfd8 25. Rc2 Rd4 26. Rec1 Rcd8 27. c6 Rd1+ 28. Rxd1 Rxd1+ 29. Bf1 Kf8 30. Rc5 Rd5 31. Rxd5 exd5 32. Bh3 Ke7 33. c7 Kd6 34. c8Q Bxc8 35. Bxc8 Kc5 36. Bf5 h6 37. Kf1 Kc4 38. Bc2 f6 39. Bb3+ 1-0

[Event "POL-chT 2nd League"]
[Site "Jastrzebia Gora"]
[Date "2022.09.08"]
[Round "6.40"]
[White "Wypych, Dominik"]
[Black "Krainski, Slawomir"]
[Result "1/2-1/2"]
[WhiteElo "1997"]
[BlackElo "1982"]
[PlyCount "141"]
[EventDate "2022.09.03"]
[EventType "team-swiss"]
[EventRounds "9"]
[EventCountry "POL"]
[SourceTitle "CBM 210 Extra"]
[Source "ChessBase"]
[SourceDate "2022.11.30"]
[SourceVersion "1"]
[SourceVersionDate "2022.11.30"]
[SourceQuality "1"]
[WhiteTeam "Plock Hetman"]
[BlackTeam "Grudziadz Rotmistrz"]
[WhiteTeamCountry "POL"]
[BlackTeamCountry "POL"]

1. d4 d5 2. c4 e6 3. Nf3 Nf6 4. g3 Be7 5. Bg2 0-0 6. 0-0 c6 7. Nbd2 b6 8. Qc2 Bb7 9. e4 Na6 10. b3 c5 11. exd5 exd5 12. Bb2 Nb4 13. Qb1 dxc4 14. bxc4 cxd4 15. Bxd4 Nc6 16. Bc3 Qc7 17. Re1 Ng4 18. h3 Bf6 19. Ne4 Bxc3 20. Nxc3 Nf6 21. Nd5 Qd6 22. Ng5 g6 23. Qb2 Nxd5 24. cxd5 Qb4 25. Qf6 Qd4 26. Qd6 Nb4 27. Rad1 Qc5 28. Qe5 f6 29. Qe6+ Kh8 30. Ne4 Qc8 31. Nxf6 Qxe6 32. dxe6 Bxg2 33. e7 Bf3 34. Rd2 Kg7 35. exf8Q+ Rxf8 36. Ne8+ Kh6 37. Rd4 Nxa2 38. Ra4 Nc3 39. Rxa7 Ne2+ 40. Rxe2 Bxe2 41. Re7 Bf3 42. g4 Kg5 43. Kh2 Bc6 44. f4+ Kxf4 45. Nc7 Rf6 46. Ne6+ Ke5 47. Nd8+ Kd4 48. Nxc6+ Rxc6 49. Rxh7 b5 50. Rb7 Kc4 51. h4 b4 52. Kg3 b3 53. h5 g5 54. Kf3 Kc3 55. Ke4 Rc4+ 56. Kf5 Rb4 57. Rc7+ Kd2 58. Rd7+ Ke2 59. Re7+ Kf2 60. Rd7 b2 61. Rd1 b1Q+ 62. Rxb1 Rxb1 63. Kxg5 Kg3 64. h6 Rb8 65. h7 Rd8 66. Kf6 Kxg4 67. Kg7 Rd7+ 68. Kg6 Rd8 69. Kg7 Rd7+ 70. Kg6 Rxh7 71. Kxh7 1/2-1/2

[Event "POL-chT 2nd League"]
[Site "Sypniewo"]
[Date "2021.09.12"]
[Round "9.9"]
[White "Krainski, Slawomir"]
[Black "Majewski, Krzysztof"]
[Result "1-0"]
[WhiteElo "2082"]
[BlackElo "1999"]
[PlyCount "107"]
[EventDate "2021.09.04"]
[EventType "team-swiss"]
[EventRounds "9"]
[EventCountry "POL"]
[SourceTitle "CBM 204 Extra"]
[Source "ChessBase"]
[SourceDate "2021.11.30"]
[SourceVersion "1"]
[SourceVersionDate "2021.11.30"]
[SourceQuality "1"]
[WhiteTeam "Grudziadz Rotmistrz"]
[BlackTeam "Koszalin Hetman Politechnika"]
[WhiteTeamCountry "POL"]
[BlackTeamCountry "POL"]

1. d4 d6 2. e4 Nf6 3. Nc3 g6 4. h3 Bg7 5. Nf3 0-0 6. Be3 c6 7. a4 Nbd7 8. a5 e5 9. dxe5 dxe5 10. Qd6 Re8 11. Bc4 Qe7 12. Qxe7 Rxe7 13. 0-0 Re8 14. Ng5 Re7 15. Nf3 h6 16. b4 a6 17. Nd2 Nf8 18. Na4 Be6 19. Nc5 Rb8 20. Rfd1 Nh5 21. Bxe6 Nxe6 22. Nxe6 Rxe6 23. Nc4 Nf4 24. Rd2 Ree8 25. Rad1 Ne6 26. c3 Kf8 27. Bb6 Re7 28. Nb2 f6 29. Na4 Kf7 30. Rd7 Ke8 31. R7d2 Bf8 32. Nc5 Nxc5 33. Rd8+ Rxd8 34. Rxd8+ Kf7 35. Bxc5 Re8 36. Rd7+ Ke6 37. Rxb7 Bxc5 38. bxc5 f5 39. f3 Rd8 40. Rc7 Rd1+ 41. Kf2 Rd2+ 42. Kf1 fxe4 43. fxe4 Kf6 44. Rxc6+ Kg5 45. Rxa6 Rc2 46. Rb6 Kf4 47. c6 Ke3 48. Kg1 Rc1+ 49. Kh2 g5 50. a6 h5 51. a7 g4 52. hxg4 hxg4 53. a8Q Kf4 54. Qf8+ 1-0

[Event "POL-chT 2nd League"]
[Site "Poronin"]
[Date "2020.09.11"]
[Round "7.6"]
[White "Malicka, Maria"]
[Black "Krainski, Slawomir"]
[Result "1-0"]
[WhiteElo "2256"]
[BlackElo "2061"]
[PlyCount "57"]
[EventDate "2020.09.05"]
[EventType "team-swiss"]
[EventRounds "9"]
[EventCountry "POL"]
[SourceTitle "CBM 198 Extra"]
[Source "ChessBase"]
[SourceDate "2020.11.30"]
[SourceVersion "1"]
[SourceVersionDate "2020.11.30"]
[SourceQuality "1"]
[WhiteTeam "Warszawa Czternastka"]
[BlackTeam "Grudziadz Rotmistrz"]
[WhiteTeamCountry "POL"]
[BlackTeamCountry "POL"]

1. e4 e5 2. Nf3 Nc6 3. Bb5 a6 4. Ba4 Nf6 5. 0-0 Be7 6. Re1 b5 7. Bb3 d6 8. c3 0-0 9. h3 Nb8 10. d4 Nbd7 11. c4 Bb7 12. Nc3 c6 13. a3 Re8 14. Be3 Bf8 15. Ba2 exd4 16. Bxd4 c5 17. Bxf6 Nxf6 18. cxb5 Nxe4 19. Qb3 c4 20. Qxc4 d5 21. Nxd5 axb5 22. Qd3 Nc5 23. Qf5 Bc8 24. Qh5 Ne6 25. Ne5 f6 26. Qf7+ Kh8 27. Nc7 fxe5 28. Nxe8 Bd7 29. Bxe6 1-0

[Event "POL-chT 2nd League"]
[Site "Jastrzebia Gora"]
[Date "2018.09.01"]
[Round "1.7"]
[White "Zochowski, Kacper"]
[Black "Krainski, Slawomir"]
[Result "1-0"]
[WhiteElo "2269"]
[BlackElo "2098"]
[PlyCount "85"]
[EventDate "2018.09.01"]
[EventType "team-swiss"]
[EventRounds "9"]
[EventCountry "POL"]
[SourceTitle "CBM 186 Extra"]
[Source "ChessBase"]
[SourceDate "2018.08.24"]
[SourceVersion "1"]
[SourceVersionDate "2018.08.24"]
[SourceQuality "1"]
[WhiteTeam "Podlesie UKS 21"]
[BlackTeam "Grudziadz Rotmistrz"]
[WhiteTeamCountry "POL"]
[BlackTeamCountry "POL"]

1. Nf3 d5 2. c4 e6 3. g3 Nf6 4. Bg2 dxc4 5. Qa4+ Nbd7 6. 0-0 a6 7. Qxc4 b5 8. Qb3 Bb7 9. d3 Be7 10. Nc3 0-0 11. a4 b4 12. Nb1 Bd5 13. Qc2 Nc5 14. Nbd2 b3 15. Qd1 Rb8 16. Nb1 Rb4 17. Nc3 Bc6 18. a5 Qa8 19. Bd2 Rbb8 20. Rc1 Rfd8 21. Be3 e5 22. Nb1 Na4 23. Rxc6 Qxc6 24. Nxe5 Qc2 25. Nc6 Nxb2 26. Nxe7+ Kf8 27. Qxc2 bxc2 28. Nc6 Nd1 29. Na3 Rb1 30. Nxd8 Nxe3 31. Rxb1 cxb1Q+ 32. Nxb1 Nxg2 33. Kxg2 Ke7 34. Nc6+ Kd6 35. Nb4 c5 36. Nxa6 Kc6 37. Nc3 Nd7 38. Na4 c4 39. dxc4 Ne5 40. Nb4+ Kb7 41. c5 Nc4 42. a6+ Ka7 43. Nc3 1-0

[Event "POL-chT 1st League"]
[Site "Poronin"]
[Date "2017.09.07"]
[Round "6.4"]
[White "Krainski, Slawomir"]
[Black "Orzech, Dominik"]
[Result "1-0"]
[WhiteElo "2138"]
[BlackElo "2380"]
[PlyCount "53"]
[EventDate "2017.09.02"]
[EventType "team-tourn"]
[EventRounds "9"]
[EventCountry "POL"]
[SourceTitle "CBM 180 Extra"]
[Source "ChessBase"]
[SourceDate "2017.10.06"]
[SourceVersion "1"]
[SourceVersionDate "2017.10.06"]
[SourceQuality "1"]
[WhiteTeam "Grudziadz Rotmistrz"]
[BlackTeam "Lodz Okucia Budowlane"]
[WhiteTeamCountry "POL"]
[BlackTeamCountry "POL"]

1. e4 c5 2. Nf3 d6 3. d4 cxd4 4. Nxd4 Nf6 5. Nc3 a6 6. Bg5 Nbd7 7. f4 e6 8. Qf3 Qc7 9. 0-0-0 b5 10. e5 Bb7 11. Qh3 dxe5 12. Nxe6 Qc6 13. Nxf8 Kxf8 14. Bxf6 Nxf6 15. fxe5 Ne4 16. Nxe4 Qxe4 17. Qd7 Re8 18. Bxb5 axb5 19. Rhf1 Re7 20. Qd8+ Re8 21. Qc7 Qc4 22. Qxb7 Qxa2 23. Qxb5 h5 24. Rd7 Rh6 25. b3 f6 26. Qc5+ Kg8 27. Ra7 1-0

[Event "POL-chT 1st League"]
[Site "Poronin"]
[Date "2017.09.02"]
[Round "1.2"]
[White "Sabuk, Piotr"]
[Black "Krainski, Slawomir"]
[Result "1-0"]
[WhiteElo "2376"]
[BlackElo "2138"]
[PlyCount "77"]
[EventDate "2017.09.02"]
[EventType "team-tourn"]
[EventRounds "9"]
[EventCountry "POL"]
[SourceTitle "CBM 180 Extra"]
[Source "ChessBase"]
[SourceDate "2017.10.06"]
[SourceVersion "1"]
[SourceVersionDate "2017.10.06"]
[SourceQuality "1"]
[WhiteTeam "Kopernik WKS"]
[BlackTeam "Grudziadz Rotmistrz"]
[WhiteTeamCountry "POL"]
[BlackTeamCountry "POL"]

1. e4 e5 2. Nf3 Nc6 3. Bb5 Nge7 4. Nc3 g6 5. d4 exd4 6. Nd5 Bg7 7. Bg5 h6 8. Bf6 Bxf6 9. Nxf6+ Kf8 10. Qd2 d5 11. Bxc6 Nxc6 12. Nxd5 Bf5 13. Qf4 Bxe4 14. Qxe4 Qd6 15. Nxc7 Qxc7 16. 0-0-0 Re8 17. Qh4 Qd8 18. Qxd8 Rxd8 19. Rd3 Rd5 20. Rhd1 Rf5 21. R1d2 Kg7 22. Nxd4 Nxd4 23. Rxd4 Re8 24. Kd1 Rh5 25. h3 Rhe5 26. c3 Rg5 27. f4 Ra5 28. a3 Re6 29. Rd7 Rb6 30. Kc2 Rf5 31. g3 h5 32. h4 Rfb5 33. b4 a5 34. a4 Rf5 35. b5 Rc5 36. Re2 Rc8 37. Ree7 Rf6 38. Rxb7 Rf5 39. Rbc7 1-0

[Event "Baltic Cup"]
[Site "Darlowko"]
[Date "2017.07.02"]
[Round "9"]
[White "Krainski, Slawomir"]
[Black "Grela, Kacper"]
[Result "0-1"]
[WhiteElo "2113"]
[BlackElo "2310"]
[PlyCount "88"]
[EventDate "2017.06.25"]
[EventType "swiss"]
[EventRounds "9"]
[EventCountry "POL"]
[SourceTitle "EXT 2018"]
[Source "ChessBase"]
[SourceDate "2017.10.13"]
[SourceVersion "1"]
[SourceVersionDate "2017.10.13"]
[SourceQuality "1"]

1. e4 c5 2. Nf3 Nc6 3. d4 cxd4 4. Nxd4 Nf6 5. Nc3 d6 6. Bg5 e6 7. Qd2 Be7 8. 0-0-0 Nxd4 9. Qxd4 0-0 10. f4 Qa5 11. Qd3 Rd8 12. Be2 b5 13. Qxb5 Qc7 14. e5 Ne8 15. Bxe7 Qxe7 16. exd6 Nxd6 17. Qb4 a5 18. Qb6 Bb7 19. Rd2 Bd5 20. Rhd1 Rab8 21. Qc5 Qb7 22. Qa3 Nf5 23. Nb5 Qb6 24. g3 Rdc8 25. Bd3 Ne3 26. Re1 g6 27. Qd6 Rc6 28. Qe5 Nc4 29. Bxc4 Rxc4 30. Rxd5 exd5 31. Nd6 Rc6 32. Ne8 f6 33. Qxd5+ Kf8 34. b3 Rxe8 35. Rxe8+ Kxe8 36. Qg8+ Kd7 37. Qxh7+ Kc8 38. Qxg6 Qe3+ 39. Kb2 Qc3+ 40. Ka3 Qxc2 41. Qe8+ Kb7 42. Qd7+ Ka6 43. Qd5 Qc5+ 44. Qxc5 Rxc5 0-1

[Event "Baltic Cup"]
[Site "Darlowko"]
[Date "2017.06.29"]
[Round "6"]
[White "Krainski, Slawomir"]
[Black "Sabuk, Piotr"]
[Result "0-1"]
[WhiteElo "2113"]
[BlackElo "2368"]
[PlyCount "78"]
[EventDate "2017.06.25"]
[EventType "swiss"]
[EventRounds "9"]
[EventCountry "POL"]
[SourceTitle "EXT 2018"]
[Source "ChessBase"]
[SourceDate "2017.10.13"]
[SourceVersion "1"]
[SourceVersionDate "2017.10.13"]
[SourceQuality "1"]

1. e4 e5 2. Nf3 Nc6 3. d4 exd4 4. Bc4 Bc5 5. c3 Nf6 6. cxd4 Bb4+ 7. Bd2 Bxd2+ 8. Nbxd2 d5 9. exd5 Nxd5 10. Qb3 Na5 11. Qa4+ Nc6 12. Qb3 Nce7 13. 0-0 0-0 14. Rac1 Nb6 15. Ne4 Nxc4 16. Qxc4 c6 17. Rfe1 Nd5 18. Nc5 Rb8 19. Ne5 Bf5 20. Qa4 a6 21. Qd1 Re8 22. Qf3 Qg5 23. g3 Qf6 24. Nxb7 Rxb7 25. Ng4 Qd8 26. Qxf5 f6 27. Re6 Qd7 28. Rcxc6 Ne7 29. Qh5 Rb5 30. Rc5 Rf8 31. Rxb5 Qxe6 32. Rb3 Qe1+ 33. Kg2 Qe4+ 34. Kg1 Qe1+ 35. Kg2 Qe4+ 36. Kg1 Nf5 37. Ne3 Nxd4 38. Rc3 g6 39. Rc4 gxh5 0-1

[Event "POL-chT 2nd League"]
[Site "Jastrzebia Gora"]
[Date "2016.09.10"]
[Round "8.4"]
[White "Dubinski, Mateusz"]
[Black "Krainski, Slawomir"]
[Result "1-0"]
[WhiteElo "2241"]
[BlackElo "2144"]
[PlyCount "51"]
[EventDate "2016.09.03"]
[EventType "team-swiss"]
[EventRounds "9"]
[EventCountry "POL"]
[SourceTitle "EXT 2017"]
[Source "ChessBase"]
[SourceDate "2016.10.25"]
[SourceVersion "1"]
[SourceVersionDate "2016.10.25"]
[SourceQuality "1"]
[WhiteTeam "Kopernik WKS"]
[BlackTeam "Rotmistrz"]
[WhiteTeamCountry "POL"]
[BlackTeamCountry "POL"]

1. d4 d5 2. c4 c6 3. Nc3 Nf6 4. Nf3 e6 5. e3 Nbd7 6. Qc2 Bd6 7. Bd3 dxc4 8. Bxc4 e5 9. 0-0 exd4 10. exd4 0-0 11. Bg5 Qa5 12. a3 b5 13. Ba2 b4 14. Ne4 Nxe4 15. Qxe4 Qc7 16. Be7 Bxe7 17. Qxe7 b3 18. Bxb3 Qf4 19. Ba4 Rb8 20. Bxc6 Rxb2 21. Bxd7 Rb7 22. Ne5 Rc7 23. Rad1 h6 24. Rfe1 Ba6 25. Nd3 Bxd3 26. Qxf8+ 1-0

[Event "POL-chT 2nd League"]
[Site "Jastrzebia Gora"]
[Date "2016.09.06"]
[Round "4.22"]
[White "Walaszczyk, Witold"]
[Black "Krainski, Slawomir"]
[Result "1/2-1/2"]
[WhiteElo "2088"]
[BlackElo "2144"]
[PlyCount "114"]
[EventDate "2016.09.03"]
[EventType "team-swiss"]
[EventRounds "9"]
[EventCountry "POL"]
[SourceTitle "EXT 2017"]
[Source "ChessBase"]
[SourceDate "2016.10.25"]
[SourceVersion "1"]
[SourceVersionDate "2016.10.25"]
[SourceQuality "1"]
[WhiteTeam "Konin Hetman"]
[BlackTeam "Rotmistrz"]
[WhiteTeamCountry "POL"]
[BlackTeamCountry "POL"]

1. d4 Nf6 2. Nf3 c5 3. d5 b5 4. c4 d6 5. cxb5 a6 6. e3 g6 7. bxa6 Bg7 8. Bb5+ Nbd7 9. Nc3 Bxa6 10. Bxa6 Rxa6 11. 0-0 0-0 12. h3 Qa8 13. Qe2 Nb6 14. Rd1 Nfxd5 15. Nxd5 Nxd5 16. Rxd5 Qxd5 17. Qxa6 c4 18. Qa4 Qd3 19. Nd4 e5 20. Nb5 d5 21. Nc3 d4 22. exd4 exd4 23. Nd5 Qe2 24. Bf4 Qxb2 25. Rd1 Qe2 26. g3 h6 27. Bd6 Rd8 28. Nf4 Qf3 29. Be7 Ra8 30. Qc2 d3 31. Nxd3 cxd3 32. Rxd3 Qf5 33. h4 Re8 34. Qe2 Qb5 35. Qf1 Kh7 36. Ba3 Qa5 37. Kh2 Qa6 38. Qd1 Re4 39. Qf3 Re6 40. Bc5 Rf6 41. Qe2 Rc6 42. Be3 Rc3 43. Rd2 Qc6 44. Qf1 Qa4 45. Qg2 Be5 46. Qh3 Qe4 47. h5 g5 48. Qd7 Qf3 49. Qd5 Qxh5+ 50. Kg2 g4 51. Qe4+ Kg7 52. Rd4 Ra3 53. Qxg4+ Qxg4 54. Rxg4+ Kh7 55. Rh4 Bg7 56. g4 Kg6 57. Rh5 Rxa2 1/2-1/2

[Event "POL-chT 2nd League"]
[Site "Jastrzebia Gora"]
[Date "2016.09.04"]
[Round "2.64"]
[White "Klukiewicz, Piotr"]
[Black "Krainski, Slawomir"]
[Result "1-0"]
[WhiteElo "2011"]
[BlackElo "2144"]
[PlyCount "120"]
[EventDate "2016.09.03"]
[EventType "team-swiss"]
[EventRounds "9"]
[EventCountry "POL"]
[SourceTitle "EXT 2017"]
[Source "ChessBase"]
[SourceDate "2016.10.25"]
[SourceVersion "1"]
[SourceVersionDate "2016.10.25"]
[SourceQuality "1"]
[WhiteTeam "Wroclaw AZS Politechnika"]
[BlackTeam "Rotmistrz"]
[WhiteTeamCountry "POL"]
[BlackTeamCountry "POL"]

1. c4 c5 2. Nc3 Nc6 3. g3 g6 4. Bg2 Bg7 5. d3 e5 6. Rb1 d6 7. a3 a5 8. Nd5 Nge7 9. Bg5 h6 10. Bxe7 Nxe7 11. Nxe7 Qxe7 12. e3 0-0 13. Ne2 Rb8 14. Nc3 Bd7 15. b4 axb4 16. axb4 cxb4 17. Rxb4 Bc6 18. Nd5 Qe8 19. 0-0 b5 20. Nc7 Qd7 21. Bxc6 Qxc6 22. Nxb5 d5 23. Qb3 dxc4 24. Qxc4 Qd7 25. Rfb1 Rfc8 26. Qb3 Rd8 27. d4 exd4 28. Nxd4 Rxb4 29. Qxb4 Bxd4 30. Rd1 Qc6 31. Rxd4 Qc1+ 32. Kg2 Qc6+ 33. e4 Re8 34. Qc4 Qxc4 35. Rxc4 Re7 36. g4 Kg7 37. h4 Ra7 38. Kg3 Ra3+ 39. f3 Ra7 40. Rc3 Ra5 41. f4 Ra1 42. f5 g5 43. hxg5 hxg5 44. Re3 Ra6 45. e5 Rb6 46. Kf3 Ra6 47. Rd3 Ra5 48. Ke4 Ra7 49. Rd6 Ra4+ 50. Rd4 Ra5 51. Rd7 Ra4+ 52. Kd5 Ra5+ 53. Kd6 Ra6+ 54. Ke7 Ra4 55. e6 fxe6 56. f6+ Kg6 57. f7 Rf4 58. f8Q Rxf8 59. Kxf8 Kf6 60. Rf7+ Ke5 1-0